[Event "Juvisy sur Orge (Women)"]
[Site "Juvisy sur Orge"]
[Date "2023.07.23"]
[Round "2"]
[White "Belkhodja, Slim"]
[Black "Shirazi, Kamran"]
[Result "0-1"]
[WhiteElo "2286"]
[BlackElo "2279"]
[PlyCount "54"]
[EventDate "2023.07.22"]
[EventType "tourn"]
[EventRounds "9"]
[EventCountry "FRA"]
[SourceTitle "CBM 215 Extra"]
[Source "ChessBase"]
[SourceDate "2023.09.30"]
[SourceVersion "1"]
[SourceVersionDate "2023.09.30"]
[SourceQuality "1"]

1. c4 d5 2. cxd5 Nf6 3. e4 c6 4. dxc6 Nxc6 5. Nc3 e5 6. Bc4 a6 7. Nf3 b5 8. Bb3 Bc5 9. 0-0 Bg4 10. d3 0-0 11. Be3 Nd4 12. Bxd4 Bxd4 13. h3 Bxf3 14. Qxf3 Qb6 15. g3 a5 16. Rac1 Rad8 17. Nd5 Nxd5 18. Bxd5 Bxb2 19. Rc6 Qb8 20. Rb1 Bd4 21. h4 b4 22. Rbc1 Bc3 23. Ra6 Rd6 24. Rxa5 Rf6 25. Qe2 Qb6 26. Rxc3 bxc3 27. Ra3 Qb4 0-1

[Event "Noisiel op 8th"]
[Site "Noisiel"]
[Date "2023.02.19"]
[Round "2"]
[White "Belkhodja, Slim"]
[Black "Vignesh, NR."]
[Result "0-1"]
[WhiteElo "2277"]
[BlackElo "2490"]
[PlyCount "96"]
[EventDate "2023.02.18"]
[EventType "swiss"]
[EventRounds "9"]
[EventCountry "FRA"]
[SourceTitle "CBM 212 Extra"]
[Source "ChessBase"]
[SourceDate "2023.03.31"]
[SourceVersion "1"]
[SourceVersionDate "2023.03.31"]
[SourceQuality "1"]

1. e4 c5 2. Nf3 d6 3. Bb5+ Bd7 4. Bxd7+ Nxd7 5. 0-0 Ngf6 6. Qe2 Rc8 7. c3 e6 8. d4 cxd4 9. cxd4 Be7 10. Nc3 Nb6 11. Be3 0-0 12. d5 exd5 13. Bxb6 Qxb6 14. exd5 Rfe8 15. Rfe1 Bf8 16. Qd2 a6 17. Rxe8 Rxe8 18. Re1 Rxe1+ 19. Nxe1 g6 20. g3 Bg7 21. Kg2 Qb4 22. Qe2 Kf8 23. Nd3 Qa5 24. Qf3 Nd7 25. b4 Qd8 26. Ne4 Nf6 27. Nxf6 Bxf6 28. a4 Kg7 29. Qe4 Qd7 30. a5 Qc7 31. h4 h5 32. f4 Qc2+ 33. Kh3 Qd1 34. Kg2 Qc2+ 35. Kh3 Qb1 36. Kg2 Qa2+ 37. Kh3 Qa1 38. Kg2 Bd4 39. Qf3 Qg1+ 40. Kh3 f5 41. b5 axb5 42. Nb4 Bc5 43. Nd3 Be3 44. Nb4 Bd2 45. a6 bxa6 46. Nxa6 b4 47. Nc7 b3 48. Ne8+ Kf8 0-1

[Event "Juvisy sur Orge 4th"]
[Site "Juvisy sur Orge"]
[Date "2022.07.31"]
[Round "9"]
[White "Belkhodja, Slim"]
[Black "Lazo, Andrei"]
[Result "1/2-1/2"]
[WhiteElo "2322"]
[BlackElo "2234"]
[PlyCount "24"]
[EventDate "2022.07.23"]
[EventType "tourn"]
[EventRounds "9"]
[EventCountry "FRA"]
[EventCategory "5"]
[SourceTitle "CBM 209 Extra"]
[Source "ChessBase"]
[SourceDate "2022.09.30"]
[SourceVersion "1"]
[SourceVersionDate "2022.09.30"]
[SourceQuality "1"]

1. e4 e6 2. d4 d5 3. exd5 exd5 4. Qe2+ Qe7 5. Nc3 Nf6 6. Bg5 Nbd7 7. 0-0-0 Qxe2 8. Bxe2 h6 9. Bh4 c6 10. Nf3 Bb4 11. Bd3 0-0 12. Ne2 Nb6 1/2-1/2

[Event "Juvisy sur Orge 4th"]
[Site "Juvisy sur Orge"]
[Date "2022.07.28"]
[Round "6"]
[White "Belkhodja, Slim"]
[Black "Shirazi, Kamran"]
[Result "1/2-1/2"]
[WhiteElo "2322"]
[BlackElo "2310"]
[PlyCount "24"]
[EventDate "2022.07.23"]
[EventType "tourn"]
[EventRounds "9"]
[EventCountry "FRA"]
[EventCategory "5"]
[SourceTitle "CBM 209 Extra"]
[Source "ChessBase"]
[SourceDate "2022.09.30"]
[SourceVersion "1"]
[SourceVersionDate "2022.09.30"]
[SourceQuality "1"]

1. e4 e5 2. Nf3 Nc6 3. Nc3 Nf6 4. d4 d5 5. dxe5 dxe4 6. Qxd8+ Nxd8 7. exf6 exf3 8. fxg7 Bxg7 9. gxf3 Bf5 10. Ne4 Ne6 11. c3 0-0-0 12. Be3 Bxe4 1/2-1/2

[Event "Paris Barreau Elite"]
[Site "Paris"]
[Date "2021.09.18"]
[Round "7"]
[White "Belkhodja, Slim"]
[Black "Travadon, Loic"]
[Result "1/2-1/2"]
[WhiteElo "2358"]
[BlackElo "2429"]
[PlyCount "239"]
[EventDate "2021.09.05"]
[EventType "tourn"]
[EventRounds "10"]
[EventCountry "FRA"]
[EventCategory "6"]
[SourceTitle "CBM 204 Extra"]
[Source "ChessBase"]
[SourceDate "2021.11.30"]
[SourceVersion "1"]
[SourceVersionDate "2021.11.30"]
[SourceQuality "1"]

1. e4 c5 2. Nf3 Nc6 3. Nc3 g6 4. Bb5 Bg7 5. Bxc6 bxc6 6. e5 d6 7. 0-0 dxe5 8. Re1 f6 9. b3 Nh6 10. Ba3 Bg4 11. h3 Bh5 12. Bxc5 f5 13. d4 e4 14. Nxe4 fxe4 15. Rxe4 Bxf3 16. Qxf3 Nf5 17. g4 Nxd4 18. Rxd4 Bxd4 19. Rd1 Qd5 20. Qxd5 cxd5 21. Rxd4 e6 22. c4 dxc4 23. Rxc4 Rc8 24. b4 Rc7 25. Kg2 g5 26. Re4 Kf7 27. h4 gxh4 28. Kh3 Rd8 29. Kxh4 Rd3 30. Rf4+ Kg7 31. Re4 a5 32. Rxe6 axb4 33. Bxb4 Rc4 34. a3 Rf4 35. Re7+ Kf6 36. Re8 Rc4 37. Rf8+ Kg7 38. Rf5 Rd1 39. f3 Rg1 40. Rg5+ Kf7 41. Rf5+ Ke6 42. Kg5 Rf1 43. Rf6+ Kd5 44. Rf7 Rcc1 45. Rd7+ Ke5 46. f4+ Ke4 47. Re7+ Kf3 48. Rxh7 Rg1 49. Rh3+ Ke4 50. Bc3 Rcd1 51. Be5 Rd8 52. Rh8 Rd2 53. a4 Rdg2 54. Rh4 Ra2 55. Bg7 Rxa4 56. f5 Kd5 57. Bf8 Ra8 58. Bg7 Ra2 59. Bf6 Rf2 60. Kg6 Rb1 61. g5 Rbf1 62. Ra4 Rxf5 63. Ra5+ Ke6 64. Ra6+ Kd7 65. Kf7 Rxg5 66. Ra7+ Kc6 67. Ra6+ Kb7 68. Re6 Rgf5 69. Re7+ Kc6 70. Re6+ Kd5 71. Ra6 R5f2 72. Ra5+ Ke4 73. Ra4+ Kf5 74. Ra5+ Kg4 75. Ra4+ Rf4 76. Ra6 Kh5 77. Ke7 Re4+ 78. Re6 Rxe6+ 79. Kxe6 Kg6 80. Be5 Re1 81. Kd5 Kf5 82. Bd6 Rd1+ 83. Kc6 Ke6 84. Bg3 Rc1+ 85. Kb7 Rg1 86. Bf4 Rg4 87. Bh2 Kd5 88. Bc7 Kc5 89. Bb6+ Kb5 90. Be3 Re4 91. Bf2 Re7+ 92. Ka8 Kc6 93. Bg3 Rb7 94. Bf4 Kb6 95. Be3+ Kc7 96. Bf4+ Kc8 97. Be3 Rb3 98. Bd4 Rd3 99. Bb6 Rd2 100. Be3 Re2 101. Bb6 Re4 102. Bf2 Kc7 103. Bg3+ Kc6 104. Ka7 Re2 105. Bf4 Rf2 106. Be5 Rf7+ 107. Ka8 Kb6 108. Bd4+ Ka6 109. Be5 Ra7+ 110. Kb8 Re7 111. Bg3 Rg7 112. Bf4 Rg4 113. Be5 Kb6 114. Bc7+ Kc6 115. Be5 Rg5 116. Bf4 Rf5 117. Be3 Rf3 118. Bd4 Rb3+ 119. Ka8 Rb5 120. Be3 1/2-1/2

[Event "Paris Barreau Elite"]
[Site "Paris"]
[Date "2021.09.18"]
[Round "8"]
[White "Razafindratsima, Timothe"]
[Black "Belkhodja, Slim"]
[Result "0-1"]
[WhiteElo "2387"]
[BlackElo "2358"]
[PlyCount "114"]
[EventDate "2021.09.05"]
[EventType "tourn"]
[EventRounds "10"]
[EventCountry "FRA"]
[EventCategory "6"]
[SourceTitle "CBM 204 Extra"]
[Source "ChessBase"]
[SourceDate "2021.11.30"]
[SourceVersion "1"]
[SourceVersionDate "2021.11.30"]
[SourceQuality "1"]

1. e4 c5 2. Nf3 Nc6 3. d4 cxd4 4. Nxd4 e6 5. Nc3 d6 6. Be3 Nf6 7. Be2 Be7 8. 0-0 0-0 9. f4 a6 10. a4 Qc7 11. Qe1 Re8 12. Qg3 Nxd4 13. Bxd4 e5 14. fxe5 dxe5 15. Kh1 Bd8 16. Be3 Be6 17. Bh6 g6 18. Rad1 Be7 19. h4 Rad8 20. h5 Rxd1 21. Rxd1 b5 22. Bg5 b4 23. Bxf6 Bxf6 24. Nd5 Bxd5 25. exd5 Qxc2 26. Bg4 Qxb2 27. d6 e4 28. d7 Rd8 29. Rf1 Qe5 30. Qe3 a5 31. h6 Qg5 32. Qxe4 Qxh6+ 33. Bh3 Qg5 34. Qc4 Kg7 35. Qb3 h5 36. Qf3 Qe5 37. Qb7 Be7 38. Rd1 g5 39. g3 Qxg3 40. Qg2 Qh4 41. Qh2 g4 42. Bg2 Qxh2+ 43. Kxh2 f5 44. Rd5 Kf6 45. Bf1 Ke6 46. Bc4 Bd6+ 47. Kg2 Rxd7 48. Rxa5+ Kf6 49. Rd5 h4 50. Bd3 h3+ 51. Kh1 g3 52. Rxf5+ Ke6 53. Rh5 g2+ 54. Kg1 Bc5+ 55. Rxc5 Rxd3 56. Rc1 Rf3 57. a5 Rf1+ 0-1

[Event "Paris Barreau Elite"]
[Site "Paris"]
[Date "2021.09.12"]
[Round "5"]
[White "Rakotomaharo, Fy Antenaina"]
[Black "Belkhodja, Slim"]
[Result "1-0"]
[WhiteElo "2475"]
[BlackElo "2358"]
[PlyCount "104"]
[EventDate "2021.09.05"]
[EventType "tourn"]
[EventRounds "10"]
[EventCountry "FRA"]
[EventCategory "6"]
[SourceTitle "CBM 204 Extra"]
[Source "ChessBase"]
[SourceDate "2021.11.30"]
[SourceVersion "1"]
[SourceVersionDate "2021.11.30"]
[SourceQuality "1"]

1. e4 c5 2. Nf3 Nc6 3. d4 cxd4 4. Nxd4 g6 5. c4 Bg7 6. Be3 Nf6 7. Nc3 0-0 8. Be2 Nxd4 9. Bxd4 d6 10. 0-0 Bd7 11. Qd3 a5 12. Rfd1 Bc6 13. h4 h5 14. Qe3 Nd7 15. Bxg7 Kxg7 16. Qg5 a4 17. Bxh5 Ra5 18. Nb5 Nf6 19. Bf3 Qb6 20. b4 axb3 21. axb3 Rxa1 22. Rxa1 Bxe4 23. Qe3 Qxe3 24. fxe3 Bc6 25. Ra7 Rb8 26. Nd4 e5 27. Ne6+ Kg8 28. Ng5 Bxf3 29. gxf3 Kf8 30. Kf2 Ke7 31. Ke2 Ne8 32. Ne4 Kd7 33. b4 Nc7 34. b5 Ne6 35. Nf6+ Ke7 36. Nd5+ Kd7 37. Nb4 Nc5 38. e4 Ke6 39. Ke3 f5 40. Nd3 Nxd3 41. Kxd3 Kd7 42. c5 dxc5 43. Kc4 fxe4 44. fxe4 Kd6 45. Ra1 b6 46. Ra7 Ke6 47. Rg7 Kf6 48. Rc7 Ke6 49. Rc6+ Kd7 50. Rxg6 Kc7 51. Rg7+ Kd6 52. h5 Ra8 1-0

[Event "Tetraktys Concept Mgmt"]
[Site "Europe Echecs INT"]
[Date "2021.06.06"]
[Round "3"]
[White "Godon, Philippe"]
[Black "Belkhodja, Slim"]
[Result "0-1"]
[WhiteElo "1818"]
[BlackElo "2366"]
[PlyCount "60"]
[EventDate "2021.06.06"]
[EventType "swiss (blitz)"]
[EventRounds "11"]
[EventCountry "FRA"]
[SourceTitle "CBM 202 Extra"]
[Source "ChessBase"]
[SourceDate "2021.07.31"]
[SourceVersion "1"]
[SourceVersionDate "2021.07.31"]
[SourceQuality "1"]

1. e4 c5 2. Nf3 Nc6 3. d4 cxd4 4. Nxd4 Nf6 5. Nc3 e6 6. Ndb5 Bc5 7. Nd6+ Ke7 8. Nxc8+ Rxc8 9. Bd3 h5 10. Bf4 h4 11. h3 Nh5 12. Bh2 a6 13. Qf3 d6 14. 0-0 Ne5 15. Qe2 Ng3 16. Bxg3 hxg3 17. Kh1 gxf2 18. Nd1 Qb6 19. Nxf2 Bxf2 20. Rxf2 Rh4 21. Raf1 Rch8 22. Rf4 Rxf4 23. Rxf4 Qxb2 24. Qf1 g5 25. Rf6 g4 26. Be2 gxh3 27. gxh3 Qc3 28. Bg4 Qxc2 29. Qf2 Qxf2 30. Rxf2 Nxg4 0-1

[Event "Europe Echecs Blitz May op"]
[Site "Europe Echecs INT"]
[Date "2021.05.09"]
[Round "5"]
[White "Ouaki, Mark"]
[Black "Belkhodja, Slim"]
[Result "0-1"]
[WhiteElo "2081"]
[BlackElo "2366"]
[PlyCount "162"]
[EventDate "2021.05.09"]
[EventType "swiss (blitz)"]
[EventRounds "11"]
[EventCountry "FRA"]
[SourceTitle "CBM 202 Extra"]
[Source "ChessBase"]
[SourceDate "2021.07.31"]
[SourceVersion "1"]
[SourceVersionDate "2021.07.31"]
[SourceQuality "1"]

1. e4 c5 2. Nf3 Nc6 3. d4 cxd4 4. Nxd4 e5 5. Nxc6 bxc6 6. c4 Nf6 7. Bd3 Bc5 8. 0-0 d6 9. Nc3 Rb8 10. b3 h6 11. h3 0-0 12. Bb2 Be6 13. Bc2 Bxc4 14. bxc4 Rxb2 15. Na4 Rb8 16. Nxc5 dxc5 17. Qe2 Qe7 18. Rad1 Rfd8 19. Rxd8+ Rxd8 20. Rd1 Rd4 21. Rb1 g6 22. f3 h5 23. Rb8+ Kg7 24. Bb3 h4 25. Bc2 Nh5 26. Rb1 Nf4 27. Qf2 Qg5 28. Kh2 Qxg2+ 29. Qxg2 Nxg2 30. Kxg2 Rd2+ 31. Kf1 Rxc2 32. a4 Rxc4 33. a5 Ra4 34. Ke2 Rxa5 35. Rc1 Kf6 36. Kd3 Ke6 37. Kc4 Kd6 38. Rd1+ Kc7 39. Rg1 Ra3 40. Rg4 Rxf3 41. Rxh4 Rf4 42. Rh7 Rxe4+ 43. Kxc5 Rf4 44. Rh8 Kd7 45. Ra8 Ke6 46. Kxc6 Rc4+ 47. Kb5 Rc3 48. h4 Rh3 49. Rh8 e4 50. Kc4 a5 51. Kd4 e3 52. Kd3 a4 53. Ke2 a3 54. Ra8 a2 55. Kd3 e2+ 56. Kxe2 Rxh4 57. Kf3 Rh2 58. Kg3 Rb2 59. Kf3 f5 60. Kf4 Kf6 61. Ra6+ Kg7 62. Kg5 Rg2+ 63. Kf4 Kh6 64. Kf3 Rb2 65. Kf4 Rb4+ 66. Kf3 Kg5 67. Rxa2 Rb3+ 68. Kg2 Kg4 69. Ra4+ f4 70. Ra6 Rb2+ 71. Kf1 g5 72. Ra3 f3 73. Ra5 Kf4 74. Rc5 g4 75. Rc4+ Kg3 76. Rc1 Rf2+ 77. Kg1 Rg2+ 78. Kh1 Rh2+ 79. Kg1 f2+ 80. Kf1 Rh1+ 81. Ke2 Rxc1 0-1

[Event "C'Chartres Blitz op April"]
[Site "Europe Echecs INT"]
[Date "2021.04.10"]
[Round "7"]
[White "Belkhodja, Slim"]
[Black "Briand, Amaury"]
[Result "0-1"]
[WhiteElo "2366"]
[BlackElo "2014"]
[PlyCount "100"]
[EventDate "2021.04.10"]
[EventType "swiss (blitz)"]
[EventRounds "11"]
[EventCountry "FRA"]
[SourceTitle "CBM 201 Extra"]
[Source "ChessBase"]
[SourceDate "2021.05.31"]
[SourceVersion "1"]
[SourceVersionDate "2021.05.31"]
[SourceQuality "1"]

1. e4 e5 2. Nf3 Nc6 3. Bc4 Nf6 4. d3 Be7 5. c3 0-0 6. Nbd2 d5 7. Bb3 d4 8. cxd4 exd4 9. 0-0 a5 10. h3 a4 11. Bxa4 Nb4 12. Bc2 Rxa2 13. Rxa2 Nxa2 14. Re1 c5 15. Nf1 Nxc1 16. Qxc1 h6 17. Ng3 Re8 18. Bb3 Bf8 19. e5 Nd5 20. Ne4 b6 21. Bc4 Be6 22. Qd1 Qb8 23. Qb3 Nb4 24. Bxe6 Rxe6 25. Ned2 Qb7 26. Ne4 Qd5 27. Qd1 Qa2 28. Re2 Be7 29. Ng3 Qa6 30. Rd2 b5 31. Kh2 Qa4 32. Qe2 Qb3 33. Nf5 Bf8 34. g4 Qd5 35. Ng3 g6 36. Ne4 Bg7 37. Kg1 Bxe5 38. Nxe5 Qxe5 39. Qf3 Kg7 40. b3 Nd5 41. Ra2 Nf4 42. Ra7 Rf6 43. Nxf6 Qxf6 44. Ra1 c4 45. bxc4 bxc4 46. dxc4 d3 47. Rd1 Ne2+ 48. Kg2 Nf4+ 49. Kg3 Ne2+ 50. Kh2 Qxf3 0-1

[Event "C'Chartres Blitz op April"]
[Site "Europe Echecs INT"]
[Date "2021.04.10"]
[Round "9"]
[White "Belkhodja, Slim"]
[Black "Moriniaux, Colin"]
[Result "1-0"]
[WhiteElo "2366"]
[BlackElo "1973"]
[PlyCount "91"]
[EventDate "2021.04.10"]
[EventType "swiss (blitz)"]
[EventRounds "11"]
[EventCountry "FRA"]
[SourceTitle "CBM 201 Extra"]
[Source "ChessBase"]
[SourceDate "2021.05.31"]
[SourceVersion "1"]
[SourceVersionDate "2021.05.31"]
[SourceQuality "1"]

1. b3 d5 2. Bb2 Nf6 3. f4 g6 4. Nf3 Bg7 5. e3 0-0 6. Be2 c5 7. 0-0 Nc6 8. Ne5 Nxe5 9. Bxe5 Nd7 10. Bxg7 Kxg7 11. c4 dxc4 12. bxc4 Nf6 13. Nc3 Bf5 14. d3 Qa5 15. Qc2 Rad8 16. g4 Bxg4 17. Rae1 Bxe2 18. Rxe2 e6 19. Rd2 Rd7 20. Qb2 Kg8 21. Rfd1 Rfd8 22. a3 a6 23. h3 Qc7 24. Ne2 Nh5 25. Kf2 Qc6 26. Ng1 Qd6 27. Nf3 Qe7 28. a4 Qf6 29. Qxf6 Nxf6 30. Ke2 Rc7 31. a5 Kg7 32. Rb1 h6 33. Rdb2 Rb8 34. Ne5 Nd7 35. Rb6 Nxe5 36. fxe5 Rd7 37. Rxa6 Rbd8 38. Rd6 Rxd6 39. exd6 Rxd6 40. Rxb7 Rc6 41. Rb6 Rc7 42. a6 Ra7 43. d4 cxd4 44. exd4 Kf6 45. c5 Ke7 46. Rb7+ 1-0

[Event "C'Chartres Blitz op April"]
[Site "Europe Echecs INT"]
[Date "2021.04.10"]
[Round "3"]
[White "Belkhodja, Slim"]
[Black "Pichot, Alan"]
[Result "0-1"]
[WhiteElo "2366"]
[BlackElo "2630"]
[PlyCount "44"]
[EventDate "2021.04.10"]
[EventType "swiss (blitz)"]
[EventRounds "11"]
[EventCountry "FRA"]
[SourceTitle "CBM 201 Extra"]
[Source "ChessBase"]
[SourceDate "2021.05.31"]
[SourceVersion "1"]
[SourceVersionDate "2021.05.31"]
[SourceQuality "1"]

1. Nf3 Nf6 2. g3 g6 3. Bg2 Bg7 4. 0-0 0-0 5. Re1 d5 6. d3 c5 7. Nbd2 Nc6 8. e4 e5 9. exd5 Nxd5 10. Nc4 Re8 11. Bd2 h6 12. Qc1 Kh7 13. Re4 Bf5 14. Rh4 h5 15. Ng5+ Kg8 16. Ne4 Nd4 17. Qd1 b5 18. Ncd6 Re6 19. c3 Bxe4 20. dxe4 Nxc3 21. bxc3 Rxd6 22. Qb1 Ne2+ 0-1

[Event "C'Chartres Blitz op April"]
[Site "Europe Echecs INT"]
[Date "2021.04.10"]
[Round "8"]
[White "Godon, Philippe"]
[Black "Belkhodja, Slim"]
[Result "0-1"]
[WhiteElo "1818"]
[BlackElo "2366"]
[PlyCount "102"]
[EventDate "2021.04.10"]
[EventType "swiss (blitz)"]
[EventRounds "11"]
[EventCountry "FRA"]
[SourceTitle "CBM 201 Extra"]
[Source "ChessBase"]
[SourceDate "2021.05.31"]
[SourceVersion "1"]
[SourceVersionDate "2021.05.31"]
[SourceQuality "1"]

1. e4 c5 2. Nf3 Nc6 3. d4 cxd4 4. Nxd4 e5 5. Nb5 a6 6. Nd6+ Bxd6 7. Qxd6 Qf6 8. Qd1 Qg6 9. Nc3 d5 10. Nxd5 Qxe4+ 11. Be3 Nd4 12. Nc7+ Ke7 13. Rc1 Bg4 14. Nd5+ Qxd5 15. Qxg4 Nf6 16. Qd1 Rad8 17. c3 Ne6 18. Qb3 Qxb3 19. axb3 Nd5 20. Be2 Nxe3 21. fxe3 Rd6 22. Rd1 Rhd8 23. Rxd6 Rxd6 24. Bc4 Nc5 25. b4 Na4 26. Rf1 f6 27. Bb3 Nxb2 28. Ke2 Nd3 29. Rd1 e4 30. Bc2 b6 31. Ra1 b5 32. Rf1 g6 33. Rd1 Ke6 34. Bb3+ Ke5 35. g3 f5 36. c4 Nxb4 37. cxb5 Rxd1 38. Kxd1 axb5 39. Bg8 h6 40. Kd2 Nd3 41. Kc3 g5 42. Bf7 Ne1 43. Kb4 Ng2 44. Kxb5 Nxe3 45. Kc5 f4 46. gxf4+ gxf4 47. Bg6 f3 48. Bh5 Kf4 49. Kd4 Ng4 50. Bg6 f2 51. Bxe4 f1Q 0-1

[Event "C'Chartres Blitz op April"]
[Site "Europe Echecs INT"]
[Date "2021.04.10"]
[Round "11"]
[White "Kamsky, Gata"]
[Black "Belkhodja, Slim"]
[Result "1-0"]
[WhiteElo "2665"]
[BlackElo "2366"]
[PlyCount "141"]
[EventDate "2021.04.10"]
[EventType "swiss (blitz)"]
[EventRounds "11"]
[EventCountry "FRA"]
[SourceTitle "CBM 201 Extra"]
[Source "ChessBase"]
[SourceDate "2021.05.31"]
[SourceVersion "1"]
[SourceVersionDate "2021.05.31"]
[SourceQuality "1"]

1. e4 c5 2. Nf3 Nc6 3. d4 cxd4 4. Nxd4 e5 5. Nb5 a6 6. Nd6+ Bxd6 7. Qxd6 Qf6 8. Qd2 Qg6 9. Nc3 Nf6 10. f3 Nd4 11. Bd3 d6 12. 0-0 Be6 13. Nd1 0-0 14. Ne3 Nh5 15. c3 Nc6 16. Nd5 Kh8 17. b3 Rac8 18. Ba3 Rfd8 19. Rad1 f5 20. exf5 Bxf5 21. Bxf5 Qxf5 22. Nb6 Rc7 23. Nc4 d5 24. Ne3 Qg6 25. Nxd5 Rcd7 26. c4 Nf4 27. Nxf4 Rxd2 28. Nxg6+ hxg6 29. Rxd2 Rxd2 30. Ra1 Kg8 31. Bc5 Kf7 32. h4 Ke6 33. Kf1 Kf5 34. Be3 Rc2 35. Rd1 Rxa2 36. Rd7 e4 37. Rd5+ Ke6 38. fxe4 Rb2 39. Rg5 Kf7 40. Rd5 Rxb3 41. Bg5 Ke6 42. Bf4 a5 43. Rd6+ Ke7 44. Rxg6 a4 45. Rxg7+ Kf8 46. Rh7 a3 47. Rh8+ Kf7 48. Ra8 Nd4 49. Be5 Nc6 50. Bh8 Nb4 51. h5 a2 52. g4 Rg3 53. h6 Rxg4 54. h7 Rh4 55. Bc3 Rxh7 56. Ke2 Rh2+ 57. Ke3 Nc6 58. c5 Ke6 59. Kd3 Ne5+ 60. Bxe5 Kxe5 61. Ra4 Rh3+ 62. Ke2 Rh4 63. Kd3 Rh3+ 64. Kc4 Rh4 65. Kb5 Rxe4 66. Rxa2 Ke6 67. Ra7 Re1 68. Rxb7 Rb1+ 69. Kc6 Ra1 70. Rb2 Ke7 71. Kb7 1-0

[Event "Cappelle Online Blitz op"]
[Site "Europe Echecs INT"]
[Date "2021.03.07"]
[Round "10"]
[White "Belkhodja, Slim"]
[Black "Flom, Gabriel"]
[Result "1-0"]
[WhiteElo "2366"]
[BlackElo "2474"]
[PlyCount "79"]
[EventDate "2021.03.07"]
[EventType "swiss (blitz)"]
[EventRounds "11"]
[EventCountry "FRA"]
[SourceTitle "CBM 201 Extra"]
[Source "ChessBase"]
[SourceDate "2021.05.31"]
[SourceVersion "1"]
[SourceVersionDate "2021.05.31"]
[SourceQuality "1"]

1. e4 e6 2. d3 d5 3. Qe2 Nc6 4. Nf3 Nf6 5. g3 a5 6. e5 Nd7 7. Bg2 a4 8. 0-0 h6 9. h4 Be7 10. h5 b5 11. a3 b4 12. axb4 Nxb4 13. c3 Nc6 14. Re1 Nb6 15. Bf4 Ba6 16. Na3 Na5 17. Nd4 Qd7 18. Qg4 Bf8 19. Rad1 c5 20. Nf3 c4 21. dxc4 Nbxc4 22. Nxc4 Nxc4 23. Bc1 Rb8 24. Bf1 Rb6 25. Bxc4 Bxc4 26. Nd2 Ba6 27. c4 Rb4 28. b3 axb3 29. Ba3 Rxc4 30. Nxc4 Bxc4 31. Bxf8 Rxf8 32. Ra1 Qb7 33. Qd4 f6 34. Ra7 Qc6 35. Qg4 g5 36. exf6 Rxf6 37. Qd4 Rf7 38. Qh8+ Rf8 39. Qg7 Qd6 40. Ra8+ 1-0

[Event "Cappelle Online Blitz op"]
[Site "Europe Echecs INT"]
[Date "2021.03.07"]
[Round "8"]
[White "Belkhodja, Slim"]
[Black "Godel, Wenceslas"]
[Result "1-0"]
[WhiteElo "2366"]
[BlackElo "1978"]
[PlyCount "67"]
[EventDate "2021.03.07"]
[EventType "swiss (blitz)"]
[EventRounds "11"]
[EventCountry "FRA"]
[SourceTitle "CBM 201 Extra"]
[Source "ChessBase"]
[SourceDate "2021.05.31"]
[SourceVersion "1"]
[SourceVersionDate "2021.05.31"]
[SourceQuality "1"]

1. h4 h5 2. g3 g6 3. Bg2 Bg7 4. d4 c5 5. c3 cxd4 6. cxd4 d5 7. Nc3 Nf6 8. Bg5 e6 9. Nf3 Nc6 10. 0-0 0-0 11. e4 Qa5 12. Bxf6 Bxf6 13. exd5 exd5 14. Re1 Bg4 15. Qd3 Bxf3 16. Bxf3 Bxd4 17. Bxd5 Bxc3 18. bxc3 Kh7 19. Rab1 Rad8 20. c4 Qc7 21. Re4 b6 22. Rbe1 Nb4 23. Qd4 Nxd5 24. cxd5 Rd7 25. Re5 Rfd8 26. Re8 Rxe8 27. Rxe8 f6 28. Qxf6 Rg7 29. d6 Qc1+ 30. Kh2 Qc6 31. Re7 Rxe7 32. Qxe7+ Kh6 33. Qf6 Qd7 34. Qh8+ 1-0

[Event "Cappelle Online Blitz op"]
[Site "Europe Echecs INT"]
[Date "2021.03.07"]
[Round "9"]
[White "Hille, Willian Henrique"]
[Black "Belkhodja, Slim"]
[Result "0-1"]
[WhiteElo "2018"]
[BlackElo "2366"]
[PlyCount "52"]
[EventDate "2021.03.07"]
[EventType "swiss (blitz)"]
[EventRounds "11"]
[EventCountry "FRA"]
[SourceTitle "CBM 201 Extra"]
[Source "ChessBase"]
[SourceDate "2021.05.31"]
[SourceVersion "1"]
[SourceVersionDate "2021.05.31"]
[SourceQuality "1"]

1. f4 g6 2. Nf3 Bg7 3. g3 d5 4. Bg2 c5 5. 0-0 Nc6 6. d3 Nf6 7. c3 0-0 8. Qc2 Bg4 9. e4 e6 10. h3 Bxf3 11. Bxf3 Rc8 12. e5 Ne8 13. Qe2 Qd7 14. Nd2 f6 15. exf6 Bxf6 16. Nb3 b6 17. Re1 Ng7 18. Be3 Rce8 19. Rad1 e5 20. Qg2 Rd8 21. c4 Ne7 22. fxe5 Bxe5 23. Bxc5 bxc5 24. Rxe5 dxc4 25. Nxc5 Qd4+ 26. Kh2 Qxe5 0-1

[Event "Ville d'Orsay online Blitz"]
[Site "Europe Echecs INT"]
[Date "2021.02.07"]
[Round "3"]
[White "Belkhodja, Slim"]
[Black "Azarov, Sergei Nikolaevich"]
[Result "0-1"]
[WhiteElo "2366"]
[BlackElo "2604"]
[PlyCount "62"]
[EventDate "2021.02.07"]
[EventType "swiss (blitz)"]
[EventRounds "11"]
[EventCountry "FRA"]
[SourceTitle "CBM 200 Extra"]
[Source "ChessBase"]
[SourceDate "2021.03.31"]
[SourceVersion "1"]
[SourceVersionDate "2021.03.31"]
[SourceQuality "1"]

1. e4 c5 2. Nf3 Nc6 3. Bb5 g6 4. 0-0 Bg7 5. c3 e5 6. d4 exd4 7. cxd4 cxd4 8. Bf4 Nge7 9. Bd6 0-0 10. Re1 Re8 11. Bc4 Na5 12. Bf1 Qb6 13. e5 Nf5 14. b4 Nc6 15. Nbd2 Nxd6 16. exd6 Rxe1 17. Qxe1 Qd8 18. b5 Nb4 19. Qb1 d3 20. Qxb4 Bxa1 21. Bxd3 Bg7 22. Bc4 b6 23. Bd5 Rb8 24. Ne4 Bb7 25. Bxb7 Rxb7 26. g3 Rb8 27. Kg2 Qe8 28. h4 Rc8 29. a4 Qe6 30. Nfg5 Qd5 31. Kh2 h6 0-1

[Event "Cappelle Online Blitz op 1st"]
[Site "Europe Echecs INT"]
[Date "2021.01.10"]
[Round "7"]
[White "Belkhodja, Slim"]
[Black "Maugenest, Ghislain"]
[Result "1-0"]
[WhiteElo "2366"]
[BlackElo "2052"]
[PlyCount "91"]
[EventDate "2021.01.10"]
[EventType "swiss (blitz)"]
[EventRounds "11"]
[EventCountry "FRA"]
[SourceTitle "CBM 200 Extra"]
[Source "ChessBase"]
[SourceDate "2021.03.31"]
[SourceVersion "1"]
[SourceVersionDate "2021.03.31"]
[SourceQuality "1"]

1. e4 e5 2. Nc3 Nf6 3. f4 d5 4. fxe5 Nxe4 5. Qf3 Nxc3 6. dxc3 Qh4+ 7. g3 Qe4+ 8. Qxe4 dxe4 9. Bg2 Nc6 10. Bf4 Bf5 11. 0-0-0 Bc5 12. Ne2 Bg4 13. Rde1 Bf2 14. Ref1 e3 15. Nd4 Nxd4 16. cxd4 0-0-0 17. h3 Be2 18. Re1 Bxe1 19. Rxe1 Bc4 20. b3 Bd5 21. Bxd5 Rxd5 22. Bxe3 c6 23. Rf1 Rd7 24. c3 Kd8 25. Kc2 Ke7 26. Kd3 Ke6 27. Ke4 b5 28. g4 a5 29. h4 Ra8 30. h5 a4 31. h6 axb3 32. axb3 f6 33. hxg7 Rxg7 34. Rxf6+ Kd7 35. Kf5 Ra3 36. Rd6+ Ke8 37. Bg5 Rxb3 38. Bf6 Rd7 39. Rxc6 b4 40. Ke6 Rxc3 41. Rb6 Rc8 42. Rxb4 Rdc7 43. d5 Rc5 44. d6 R5c6 45. Rb7 Ra6 46. Rxh7 1-0